| 000 | 01530cam a22004454a 4500 | ||
|---|---|---|---|
| 999 |
_c11207 _d11207 |
||
| 001 | 16521486 | ||
| 003 | GZU | ||
| 005 | 20240403125957.0 | ||
| 008 | 101027s2012 maua b 001 0 eng | ||
| 010 | _a 2010046060 | ||
| 020 | _a9780132111751 (alk. paper) | ||
| 020 | _a0132111756 (alk. paper) | ||
| 022 | _aNo number | ||
| 035 | _a(DNLM)101545828 | ||
| 040 |
_aDNLM/DLC _cDLC _dDLC |
||
| 042 | _apcc | ||
| 050 | 0 | 0 |
_aRJ245 _bBAL 2012 |
| 060 | 1 | 0 | _aWY 159 |
| 082 | 0 | 0 |
_a618.92/00231 _222 |
| 100 | 1 | _aBall, Jane W. | |
| 245 | 1 | 0 |
_aPrinciples of pediatric nursing: _bcaring for children/ _cJane W. Ball, Ruth C. Bindler, and Kay J. Cowen. |
| 250 | _aFifth edition | ||
| 260 |
_aBoston: _bPearson, _cc2012. |
||
| 300 |
_axxxi, 1164 pages: _bcolour illustrations.; _c29cm. |
||
| 500 | _aRev. ed. of: Pediatric nursing : caring for children / [edited by] Jane W. Ball, Ruth C. Bindler. 4th ed. c2008. | ||
| 504 | _aIncludes bibliographical references and index. | ||
| 505 | _tPrinciples of pediatric nursing | ||
| 520 | _aCaring for children | ||
| 650 | 0 | _aPediatric nursing. | |
| 650 | 1 | 2 |
_aPediatric Nursing _xmethods. |
| 650 | 2 | 2 | _aChild. |
| 650 | 2 | 2 | _aInfant. |
| 650 | 2 | 2 |
_aNursing Assessment _xmethods. |
| 700 | 1 | _aBindler, Ruth McGillis. | |
| 700 | 1 | _aCowen, Kay J. | |
| 700 | 1 |
_aBall, Jane W. _tPediatric nursing. |
|
| 906 |
_a7 _bcbc _corignew _d1 _eecip _f20 _gy-gencatlg |
||
| 942 |
_2lcc _cBK _eFifth edition _h245 _iBAL _kRJ |
||